Statistics for 1980s Music Trivia #1

Click here to take the quiz!

General Stats

  • This quiz has been taken 23,839 times
  • The average score is 13 of 20

Answer Stats

QuestionAnswer% Correct
What did girls just want to have, according to Cyndi Lauper?Fun
92%
What two Madonna songs had names that start with "Like a"?Like a Virgin
92%
What singer was short, wore purple, and came from Minneapolis?Prince
92%
Whose hair caught on fire while recording a Pepsi commercial?Michael Jackson
86%
What duo was composed of George Michael and Andrew Ridgeley?Wham!
78%
What band's name was pronounced "in excess"?INXS
72%
What song started "Just a small town girl / Livin' in a lonely world"?Don't Stop Believin'
71%
What city did N.W.A come straight outta?Compton
69%
Who just called to say he loved you?Stevie Wonder
64%
What two Madonna songs had names that start with "Like a"?Like a Prayer
62%
What duo were caught lip-synching?Milli Vanilli
62%
What song was recorded by charity supergroup USA for Africa?We are the World
61%
Who recorded "Footloose" and "Danger Zone"?Kenny Loggins
60%
What band was named after a river in Hades?Styx
58%
What boyband's members included Donnie Wahlberg and Joey McIntyre?New Kids on the Block
53%
What song was a little ditty about two American kids growing up in the Heartland?Jack & Diane
48%
What type of song is "Every Rose Has Its Thorn"?{Power} Ballad
43%
Whose daughter, Moon Unit, talked like a valley girl for the song "Valley Girl"?Frank Zappa's
40%
What city did The Smiths and New Order come from?Manchester
37%
What style of music was played at raves?Acid {House} Music
32%

Score Distribution

Percentile by Number Answered

Percent of People with Each Score

Your Score History

You have not taken this quiz